| 000 | 00499cam a2200193ua 4500 | ||
|---|---|---|---|
| 020 | _a0-12-294755-X | ||
| 041 |
_aeng _h |
||
| 082 |
_a515.021 2 _bGRA/TA |
||
| 100 | _aGradshteyn , I S . | ||
| 245 |
_aTable of integrals, series, and products / _cI S Gradshteyn. _hTextual Documents |
||
| 250 |
_a5 / _b. |
||
| 260 |
_aNew York : _bAcademic Press , _c1994. |
||
| 300 | _a1204 ; . | ||
| 500 | _a20666-Reference | ||
| 504 | _a | ||
| 700 | 1 | _aRyzhick, I M . | |
| 942 | _cBK | ||
| 999 |
_c396 _d396 |
||